Leeds United Current Squad - Statistics

General Stats
  • This quiz has been taken 3,207 times
    877 since last reset
  • The average score is 17 of 26
Answers on the Map
Answers color-coded by a green-red scale on the quiz's map according to % correct below.
 
Answer Stats
# Position Player Nation % Correct
9 FW Dominic Calvert-Lewin
91%
7 MF Daniel James
87%
Head Coach Daniel Farke
85%
16 GK Illan Meslier
80%
4 MF Ethan Ampadu
79%
11 MF Brenden Aaronson
77%
19 FW Noah Okafor
77%
8 MF Sean Longstaff
76%
29 FW Wilfried Gnonto
74%
20 MF Jack Harrison
73%
22 MF Ao Tanaka
72%
2 DF Jayden Bogle
69%
1 GK Lucas Perri
69%
5 DF Pascal Struijk
69%
6 DF Joe Rodon
66%
18 MF Anton Stach
64%
10 FW Joël Piroe
64%
14 FW Lukas Nmecha
64%
15 DF Jaka Bijol
57%
26 GK Karl Darlow
54%
3 DF Gabriel Gudmundsson Sweden
53%
24 DF James Justin
53%
44 MF Ilia Gruev
52%
23 DF Sebastiaan Bornauw
42%
25 DF Sam Byram
35%
21 GK Alex Cairns
24%
No matching quizzes found
Score Distribution
Percent of People with Each Score
Percentile by Number Answered
Your Score History
You have not taken this quiz since the last reset